Miếng bánh ngon bị bỏ quên : Kiếm lời từ cuộc khủng hoảng tài chính /
Na minha lista:
| Autor principal: | |
|---|---|
| Outros Autores: | , |
| Formato: | Sách giấy |
| Idioma: | Vietnamese |
| Publicado em: |
H. :
Lao động - Xã hội,
2009.
|
| Assuntos: | |
| Tags: |
Adicionar Tag
Sem tags, seja o primeiro a adicionar uma tag!
|
| Thư viện lưu trữ: | Thư viện Trường Đại học Đà Lạt |
|---|
| LEADER | 01421nam a2200349 4500 | ||
|---|---|---|---|
| 001 | DLU100110899 | ||
| 005 | ##20100820 | ||
| 040 | # | # | |a DLU |b vie |
| 041 | # | # | |a vie |
| 044 | # | # | |a vn |
| 082 | # | # | |a 332.609 73 |b SC-P |
| 100 | # | # | |a Schiff, Peter D. |
| 245 | # | # | |a Miếng bánh ngon bị bỏ quên : |b Kiếm lời từ cuộc khủng hoảng tài chính / |c Peter D. Schiff; Thu Hương, Mai Hường dịch. |
| 260 | # | # | |a H. : |b Lao động - Xã hội, |c 2009. |
| 300 | # | # | |a 373 tr. ; |c 21 cm. |
| 505 | # | # | |a 1. Con dốc trơn trượt -- 2. Điều chú Sam, phương tiện truyền thông và Phố Wall không muốn bạn biết -- 3. Đồng đôla đang mất giá -- 4. Đất nước lạm phát; Lời nguỵ biện của cục Fed -- 5. Sự hỗn loạn trên thị trường chứng khoán -- 6. Bong bóng vỡ; Thị trường bất động sản sắp sụp đổ -- 7. Cho vay tiêu dùng -- 8. Xem lại danh mục đầu tư -- 9. Dự trữ vàng -- 10. Duy trì tính thanh khoản. |
| 653 | # | # | |a Khủng hoảng tài chính |
| 653 | # | # | |a Kinh tế đầu tư |
| 653 | # | # | |a Mỹ |
| 700 | # | # | |a Mai Hường, |e dịch |
| 700 | # | # | |a Thu Hương, |e dịch. |
| 923 | # | # | |a 06/2010 |
| 991 | # | # | |a SH |
| 992 | # | # | |a 69000 |
| 994 | # | # | |a DLU |
| 900 | # | # | |a True |
| 911 | # | # | |a Đào Thị Thu Huyền |
| 925 | # | # | |a G |
| 926 | # | # | |a A |
| 927 | # | # | |a SH |
| 980 | # | # | |a Thư viện Trường Đại học Đà Lạt |